| 000 | 00876nam a22001935i 4500 | ||
|---|---|---|---|
| 001 | 157100 | ||
| 003 | ES-MaACL | ||
| 005 | 20250824063051.0 | ||
| 008 | 000706s1853 sp |||| | spa d | ||
| 040 |
_aAR _bspa _cAR |
||
| 100 | 1 |
_aLarra y Wetoret, Luis Mariano de, _d1830-1901 _970289 |
|
| 245 | 1 | 0 |
_aEn palacio y en la calle _b: drama en tres actos y en verso / _coriginal de Luis Mariano de Larra. |
| 260 |
_aMadrid : _b[Delgado Hermanos], _c1853 ( _fImp. de José María Repullés) |
||
| 300 |
_a78 p. ; _c19 cm. |
||
| 500 | _aEn port.: Estrenado en el Teatro del Príncipe el día 25 de mayo de 1853. | ||
| 596 | _aEd. tomado de la cub. | ||
| 852 |
_aES-MaACL _jF-8613(3) _z-- Enc. pasta española _q-- Falto de la cub. original _z-- Enc. en un vol. facticio formando parte de la col. facticia "Teatro español moderno", vol. 68 |
||
| 999 |
_c157100 _d157100 |
||